Capitals of Malay Archipelago Countries - Statistics

General Stats
  • This quiz has been taken 31 times
  • The average score is 6 of 7
Answer Stats
Country Capital % Correct
Indonesia Jakarta
100%
Malaysia Kuala Lumpur
100%
East Timor Dili
93%
Philippines Manila
93%
Brunei Bandar Seri Begawan
86%
Singapore Singapore
86%
Papua New Guinea Port Moresby
71%
No matching quizzes found
Score Distribution
Percent of People with Each Score
Percentile by Number Answered
Your Score History
You have not taken this quiz